Eastern Utah Libraries Catalog: Duchesne, Heber, Roosevelt, & Vernal

Duck on a bike / (Record no. 20892)

MARC details
000 -LEADER
fixed length control field 01205cam a2200313 a 4500
001 - CONTROL NUMBER
control field BK0003754513
003 - CONTROL NUMBER IDENTIFIER
control field DLC
005 - DATE AND TIME OF LATEST TRANSACTION
control field 20241220111816.0
008 - FIXED-LENGTH DATA ELEMENTS--GENERAL INFORMATION
fixed length control field 010524s2002 nyua b 000 1 eng d
010 ## - LIBRARY OF CONGRESS CONTROL NUMBER
LC control number 2001035992
020 ## - INTERNATIONAL STANDARD BOOK NUMBER
International Standard Book Number 9780439050234 : SAL
Terms of availability 17.99
020 ## - INTERNATIONAL STANDARD BOOK NUMBER
International Standard Book Number 0439050235 : SAL
Terms of availability 17.99
037 ## - SOURCE OF ACQUISITION
Source of stock number/acquisition Scholastic, Po Box 7502, Jefferson City, MO, USA, 65102
Note SAN 860-0023
040 ## - CATALOGING SOURCE
Original cataloging agency DLC
Transcribing agency DLC
Modifying agency DLC
-- NjBwBT
050 00 - LIBRARY OF CONGRESS CALL NUMBER
Classification number PZ7.S52865
Item number Du 2002
082 00 - DEWEY DECIMAL CLASSIFICATION NUMBER
Classification number [E]
Edition number 21
092 ## - LOCALLY ASSIGNED DEWEY CALL NUMBER (OCLC)
Classification number E
100 1# - MAIN ENTRY--PERSONAL NAME
Personal name Shannon, David,
Dates associated with a name 1959-
9 (RLIN) 32196
245 10 - TITLE STATEMENT
Title Duck on a bike /
Statement of responsibility, etc by David Shannon.
260 ## - PUBLICATION, DISTRIBUTION, ETC. (IMPRINT)
Place of publication, distribution, etc New York :
Name of publisher, distributor, etc Blue Sky Press,
Date of publication, distribution, etc c2002.
300 ## - PHYSICAL DESCRIPTION
Extent 1 v. (unpaged) :
Other physical details col. ill. ;
Dimensions 29 cm.
520 ## - SUMMARY, ETC.
Summary, etc A duck decides to ride a bike and soon influences all the other animals on the farm to ride bikes too.
650 #1 - SUBJECT ADDED ENTRY--TOPICAL TERM
Topical term or geographic name as entry element Ducks
Form subdivision Fiction.
9 (RLIN) 5674958
650 #1 - SUBJECT ADDED ENTRY--TOPICAL TERM
Topical term or geographic name as entry element Domestic animals
Form subdivision Fiction.
9 (RLIN) 5674957
650 #1 - SUBJECT ADDED ENTRY--TOPICAL TERM
Topical term or geographic name as entry element Bicycles and bicycling
Form subdivision Fiction.
9 (RLIN) 5678536
856 42 - ELECTRONIC LOCATION AND ACCESS
Materials specified Publisher description
Uniform Resource Identifier <a href="http://www.loc.gov/catdir/enhancements/fy1115/2001035992-d.html">http://www.loc.gov/catdir/enhancements/fy1115/2001035992-d.html</a>
856 42 - ELECTRONIC LOCATION AND ACCESS
Materials specified Contributor biographical information
Uniform Resource Identifier <a href="http://www.loc.gov/catdir/enhancements/fy1301/2001035992-b.html">http://www.loc.gov/catdir/enhancements/fy1301/2001035992-b.html</a>
Holdings
Withdrawn status Lost status Source of classification or shelving scheme Damaged status Not for loan Collection code Home library Current library Shelving location Date acquired Source of acquisition Total Checkouts Total Renewals Full call number Barcode Date last seen Date checked out Cost, replacement price Price effective from Koha item type
    Dewey Decimal Classification   Not For Loan Children Reference Professional Use Wasatch County Library Wasatch County Library Work Area 10/24/2018 Amazon 54 21 E Shannon 34301002069187 11/19/2025 01/29/2024 17.99 03/20/2020 Reference book
    Dewey Decimal Classification     Children Picture Books Wasatch County Library Wasatch County Library Main Floor Childrens Area 02/28/2024 Amazon 16 12 E Shannon 34301001566142 02/13/2026 01/26/2026 18.99 02/28/2024 BOOK
This project was made possible through a grant from the Institute of Museum and Library Service administered by the Utah State Library Division.

Wasatch County Library

  • 465 East 1200 South, Heber City, Utah 84032
  • Phone 435-654-1511 | Fax 435-654-6456

Hours

  • Monday - Friday 9:30 AM - 8:00 PM
  • Saturday 9:30 AM - 1:30 PM
  • Closed Sundays and Holidays